Management & Business Research (Record no. 22215)
[ view plain ]
| 000 -LEADER | |
|---|---|
| fixed length control field | 00388nam a22001577a 4500 |
| 020 ## - INTERNATIONAL STANDARD BOOK NUMBER | |
| ISBN | 978-1-44629-658-5 |
| 082 ## - DEWEY DECIMAL CLASSIFICATION NUMBER | |
| Classification number | 650.072 |
| 100 ## - MAIN ENTRY--AUTHOR NAME | |
| Personal name | Easterby-Smith, Mark |
| 245 ## - TITLE STATEMENT | |
| Title | Management & Business Research |
| 250 ## - EDITION STATEMENT | |
| Edition statement | 5th |
| 260 ## - PUBLICATION, DISTRIBUTION, ETC. (IMPRINT) | |
| Place of publication | London: |
| Name of publisher | SAGE Publication, |
| Year of publication | 2015 |
| 300 ## - PHYSICAL DESCRIPTION | |
| Number of Pages | xvi,377p.: ill.; 26cm |
| 700 ## - ADDED ENTRY--PERSONAL NAME | |
| Personal name | Thorpe, Richard |
| 700 ## - ADDED ENTRY--PERSONAL NAME | |
| Personal name | Jackson, Paul R. |
| 942 ## - ADDED ENTRY ELEMENTS (KOHA) | |
| Koha item type | Books |
| Withdrawn status | Lost status | Damaged status | Not for loan | Collection code | Permanent Location | Current Location | Shelving location | Date acquired | Source of acquisition | Full call number | Accession Number | Price effective from | Koha item type |
|---|---|---|---|---|---|---|---|---|---|---|---|---|---|
| Non-fiction | IFM Main Campus Library | IFM Main Campus Library | Work Room processing | 01/26/2026 | Purchased | 650.072 EAS | 0000030932 | 01/26/2026 | Books |
